<The> Oxford Dictionary for the Business World

Saved in:
Bibliographic Details
Format: Book
Language:English
Published: Oxford Oxford University Press 1993
Edition:1. ed.
Subjects:
Tags: Add Tag
No Tags, Be the first to tag this record!

MARC

LEADER 00000nam a2200000 4500
001 c014253
005 20221214083631.7
020 |a 0-19-863125-1 
041 0 |a eng 
044 |a US 
245 1 0 |a <The> Oxford Dictionary for the Business World 
250 |a 1. ed. 
264 1 |a Oxford  |b Oxford University Press  |c 1993 
300 |a 996 s. 
610 2 0 |a obchod 
610 2 0 |a podnikanie 
610 2 0 |a terminológia